Catàleg del Col·legi de Periodistes de Catalunya

Circular (Registre núm. 461)

000 -CABECERA
Longitud fija campo de control 00879nam a2200205 a 4500
001 - NÚMERO DE CONTROL
Número de control 461
003 - IDENTIFICADOR DEL NÚMERO DE CONTROL
Identificador del número de control CDMR
005 - FECHA Y HORA DE LA ÚLTIMA TRANSACCIÓN
Fecha y hora de la última transacción 20241126134123.0
008 - CÓDIGOS DE INFORMACIÓN DE LONGITUD FIJA
Códigos de información de longitud fija 130130s1948||||||||||||||||||||||||||||d
022 ## - NÚMERO INTERNACIONAL NORMALIZADO PARA PUBLICACIONES SERIADAS
Número Internacional Normalizado para Publicaciones Seriadas 2483-5544
040 ## - FUENTE DE LA CATALOGACIÓN
Centro catalogador de origen CDMR
Lengua de catalogación cat
Centro transcriptor CDMR
110 2# - PUNTO DE ACCESO PRINCIPAL-NOMBRE DE ENTIDAD CORPORATIVA
Nombre de entidad corporativa o nombre de jurisdicción como elemento inicial Associació de la Premsa de Barcelona
9 (RLIN) 39
245 10 - MENCIÓN DE TÍTULO
Título Circular
Mención de responsabilidad, etc. / Asociación de la Prensa de Barcelona
260 ## - PUBLICACIÓN, DISTRIBUCIÓN, ETC. (PIE DE IMPRENTA)
Lugar de publicación, distribución, etc. Barcelona :
Nombre del editor, distribuidor, etc. l'Associació,
Fecha de publicación, distribución, etc. 1948-1973
362 ## - FECHAS DE PUBLICACIÓN Y/O DESIGNACIÓN SECUENCIAL
Fecha de publicación y/o designación secuencial No. 1 (jul. 1948)-no. 142 (enero/feb. 1973)
500 ## - NOTA GENERAL
Nota general Recull de les circulars de l'Asociación de la Prensa de Barcelona.
505 ## - NOTA DE CONTENIDO CON FORMATO
Nota de contenido con formato Conté: 1.- Circular nº 1-34 (1948-53) ; 2.- Circular nº 35-73 (1954-59) ; 3.- Circular nº 74-103 (1960-65) ; 4.- Circular nº 104-129 (1966-70) ; 5.- Circular nº130-141 (1971-72)
856 ## - LOCALIZACIÓN Y ACCESO ELECTRÓNICO
Identificador Uniforme del Recurso (URI) <a href="https://arca.bnc.cat/arcabib_pro/ca/consulta/registro.do?id=2740">https://arca.bnc.cat/arcabib_pro/ca/consulta/registro.do?id=2740</a>
Nota pública Accés lliure (ARCA)
942 ## - ENTRADA DE ELEMENTOS AGREGADOS (KOHA)
Koha [por defecto] tipo de item Reserva / Històric
Fuente de clasificaión o esquema
Fons
Suprimido Perdido Estropeado No para pr&eacute;stamo Localizaci&oacute;n permanente Localizaci&oacute;n actual Fecha adquisici&oacute;n Pr&eacute;stamos totales Signatura completa C&oacute;digo de barras Fecha &uacute;ltima consulta N&uacute;mero de copia Fecha del precio de reemplazo Tipo de item de Koha
        Centre de Documentació Montserrat Roig Centre de Documentació Montserrat Roig 2013-01-16   Du 18 / 1 CDMR13096961 2013-01-16 Vol. 1 2013-01-16 Reserva / Històric
        Centre de Documentació Montserrat Roig Centre de Documentació Montserrat Roig 2013-01-16   Du 18 / 4 CDMR13096962 2013-01-16 Vol. 4 2013-01-16 Reserva / Històric
        Centre de Documentació Montserrat Roig Centre de Documentació Montserrat Roig 2013-01-16   Du 18 / 2 CDMR13096968 2013-01-16 Vol. 2 2013-01-16 Reserva / Històric
        Centre de Documentació Montserrat Roig Centre de Documentació Montserrat Roig 2013-01-16   Du 18 / 3 CDMR13096969 2013-01-16 Vol. 3 2013-01-16 Reserva / Històric
        Centre de Documentació Montserrat Roig Centre de Documentació Montserrat Roig 2013-01-16   Du 18 / 5 CDMR13096970 2013-01-16 Vol. 5 2013-01-16 Reserva / Històric

Implantat amb Koha